[Event "CFriend AP-2004-Q-00023 email"]
[Site "Chessfriend.com"]
[Date "2004.12.22"]
[Round "1"]
[White "Mayer, Jean Marc"]
[Black "Ben Jazia, Bessem"]
[Result "0-1"]
[WhiteElo "1984"]
[BlackElo "1930"]
[PlyCount "64"]
[EventDate "2004.??.??"]
[EventType "tourn (corr)"]
[EventRounds "12"]
[SourceTitle "Corr 2024"]
[Source "ChessBase"]
[SourceDate "2023.10.19"]
[SourceVersion "1"]
[SourceVersionDate "2023.10.19"]
[SourceQuality "1"]

1. d4 d5 2. c4 dxc4 3. Nf3 Nf6 4. e3 e6 5. Bxc4 c5 6. 0-0 a6 7. Bb3 cxd4 8. exd4 Nc6 9. Nc3 Be7 10. Bg5 0-0 11. Qd2 b5 12. Rad1 Na5 13. Bc2 Nc4 14. Qe2 Bb7 15. d5 exd5 16. Nd4 h6 17. Bc1 Re8 18. Qf3 Bd6 19. Qh3 Bc8 20. Qh4 b4 21. Nce2 Bg4 22. Rfe1 Qb6 23. h3 Bxe2 24. Rxe2 Rxe2 25. Nxe2 Re8 26. Nf4 Qa5 27. b3 Bxf4 28. Qxf4 Qxa2 29. Qf5 Na3 30. Bd3 Qxb3 31. Qf3 Kh8 32. Bxh6 Nc4 0-1

[Event "CFriend AP-2004-Q-00023 email"]
[Site "Chessfriend.com"]
[Date "2004.12.22"]
[Round "1"]
[White "Mayer, Jean Marc"]
[Black "Straka, ZdenK"]
[Result "1/2-1/2"]
[WhiteElo "1984"]
[BlackElo "2481"]
[PlyCount "72"]
[EventDate "2004.??.??"]
[EventType "tourn (corr)"]
[EventRounds "12"]
[SourceTitle "Corr 2024"]
[Source "ChessBase"]
[SourceDate "2023.10.19"]
[SourceVersion "1"]
[SourceVersionDate "2023.10.19"]
[SourceQuality "1"]

1. d4 Nf6 2. c4 c5 3. d5 e6 4. Nc3 exd5 5. cxd5 d6 6. e4 g6 7. Nf3 Bg7 8. h3 0-0 9. Bd3 b5 10. Nxb5 Re8 11. 0-0 Nxe4 12. Qa4 a6 13. Re1 Nd7 14. Rxe4 Rxe4 15. Qxe4 Nf6 16. Qe2 axb5 17. Bxb5 Bb7 18. Bg5 Bxd5 19. a4 h6 20. Bf4 Ne8 21. Rd1 Nc7 22. Bg3 Rb8 23. b3 Nxb5 24. axb5 Bxf3 25. Qxf3 Bd4 26. Qd5 Qd7 27. b4 Rxb5 28. bxc5 Bxc5 29. Qd2 Qb7 30. Qxh6 Rb1 31. Rxb1 Qxb1+ 32. Kh2 Qf5 33. Qf4 Qe6 34. Kg1 d5 35. Qb8+ Kg7 36. Qe5+ Qxe5 1/2-1/2

[Event "CFriend AP-2004-Q-00023 email"]
[Site "Chessfriend.com"]
[Date "2004.12.22"]
[Round "1"]
[White "Mincheva, Milena"]
[Black "Mayer, Jean Marc"]
[Result "1-0"]
[WhiteElo "2270"]
[BlackElo "1984"]
[PlyCount "83"]
[EventDate "2004.??.??"]
[EventType "tourn (corr)"]
[EventRounds "12"]
[SourceTitle "Corr 2024"]
[Source "ChessBase"]
[SourceDate "2023.10.19"]
[SourceVersion "1"]
[SourceVersionDate "2023.10.19"]
[SourceQuality "1"]

1. e4 e5 2. Nf3 Nf6 3. Nc3 Bb4 4. Nxe5 d6 5. Nf3 Bxc3 6. dxc3 Nxe4 7. Bd3 Nc5 8. 0-0 Nxd3 9. cxd3 0-0 10. Qb3 Nc6 11. Re1 Bg4 12. Ng5 b6 13. h3 Bf5 14. d4 Qd7 15. Bf4 h6 16. Ne4 Ne7 17. Ng3 Be6 18. c4 d5 19. Nh5 Nf5 20. Qc3 f6 21. c5 Rae8 22. g4 Nh4 23. Qg3 g5 24. Bxc7 f5 25. Bd6 fxg4 26. Bxf8 Rxf8 27. Kh1 Nf3 28. cxb6 axb6 29. Re3 Bf5 30. Rc1 Be4 31. hxg4 Nxd4+ 32. Kh2 Qf7 33. Rc7 Nf3+ 34. Kg2 Qe6 35. Kh3 Ne5 36. Rg7+ Kh8 37. Rb7 Kg8 38. Rxb6 Qxb6 39. Qxe5 Qg6 40. Rc3 Rf3+ 41. Rxf3 Bxf3 42. Kg3 1-0

[Event "Oberliga Sued W 0405"]
[Site "Germany"]
[Date "2004.12.12"]
[Round "4.3"]
[White "Wiedenkeller, Michael"]
[Black "Mayer, Jean Marc"]
[Result "1-0"]
[WhiteElo "2448"]
[BlackElo "2224"]
[PlyCount "81"]
[EventDate "2004.10.03"]
[EventType "team-tourn"]
[EventRounds "9"]
[EventCountry "GER"]
[SourceTitle "EXT 2009"]
[Source "ChessBase"]
[SourceDate "2008.11.26"]
[SourceVersion "1"]
[SourceVersionDate "2008.11.26"]
[SourceQuality "1"]
[WhiteTeam "Trier"]
[BlackTeam "Saarbruecken"]
[WhiteTeamCountry "GER"]
[BlackTeamCountry "GER"]

1. d4 d5 2. c4 c6 3. Nc3 Nf6 4. e3 a6 5. b3 b5 6. Bd3 Bg4 7. Nge2 Bxe2 8. Qxe2 e6 9. 0-0 Bb4 10. Bb2 0-0 11. e4 bxc4 12. bxc4 Nbd7 13. cxd5 cxd5 14. e5 Ne8 15. Bxa6 Qa5 16. Bb5 Nb6 17. Rfc1 Rc8 18. Nd1 Nc7 19. Bd3 Nca8 20. Rxc8 Rxc8 21. Rc1 Bd2 22. Rxc8+ Nxc8 23. Ba6 Ncb6 24. Qb5 Qa4 25. Qxa4 Nxa4 26. Ba1 Nc7 27. Bd3 Kf8 28. Kf1 Ke7 29. Bc2 Nb6 30. Ke2 Bb4 31. Bc3 Na6 32. Kd3 Kd7 33. Ne3 Kc6 34. Kd2 Be7 35. Bxh7 Kd7 36. Bd3 Nb4 37. Bb5+ Kc7 38. a4 Kb7 39. Be8 Nc6 40. Bxf7 Nxa4 41. Bxe6 1-0

[Event "Oberliga Sued W 0405"]
[Site "Germany"]
[Date "2004.11.14"]
[Round "2.3"]
[White "Dausch, Rene"]
[Black "Mayer, Jean Marc"]
[Result "1-0"]
[WhiteElo "2306"]
[BlackElo "2224"]
[PlyCount "59"]
[EventDate "2004.10.03"]
[EventType "team-tourn"]
[EventRounds "9"]
[EventCountry "GER"]
[SourceTitle "EXT 2009"]
[Source "ChessBase"]
[SourceDate "2008.11.26"]
[SourceVersion "1"]
[SourceVersionDate "2008.11.26"]
[SourceQuality "1"]
[WhiteTeam "Bad Bergzabern"]
[BlackTeam "Saarbruecken"]
[WhiteTeamCountry "GER"]
[BlackTeamCountry "GER"]

1. d4 d5 2. Nf3 c6 3. c4 Nf6 4. e3 a6 5. a4 e6 6. Nc3 Nbd7 7. Bd3 Bd6 8. 0-0 0-0 9. e4 dxc4 10. Bxc4 e5 11. Bg5 Qe7 12. d5 Nb6 13. Ba2 Bg4 14. h3 Bh5 15. Qb3 Nbd7 16. Nh4 Nc5 17. Qc2 Bg6 18. Rfe1 Rfd8 19. Rad1 Ncd7 20. Re2 Nf8 21. Nf5 Bxf5 22. exf5 h6 23. Bxf6 gxf6 24. Qd2 Qd7 25. Qxh6 Qxf5 26. dxc6 bxc6 27. Re4 Nh7 28. Rg4+ Ng5 29. Bb1 Qe6 30. Bh7+ 1-0

[Event "Oberliga Sued W 0405"]
[Site "Germany"]
[Date "2004.10.24"]
[Round "1.3"]
[White "Mayer, Jean Marc"]
[Black "Bernhardt, Rolf"]
[Result "0-1"]
[WhiteElo "2224"]
[BlackElo "2212"]
[PlyCount "62"]
[EventDate "2004.10.03"]
[EventType "team-tourn"]
[EventRounds "9"]
[EventCountry "GER"]
[SourceTitle "EXT 2009"]
[Source "ChessBase"]
[SourceDate "2008.11.26"]
[SourceVersion "1"]
[SourceVersionDate "2008.11.26"]
[SourceQuality "1"]
[WhiteTeam "Saarbruecken"]
[BlackTeam "Landau"]
[WhiteTeamCountry "GER"]
[BlackTeamCountry "GER"]

1. d4 Nf6 2. c4 e6 3. Nc3 Bb4 4. Nf3 Ne4 5. Qc2 f5 6. e3 b6 7. a3 Bxc3+ 8. bxc3 Bb7 9. a4 0-0 10. Be2 c5 11. 0-0 Nc6 12. d5 Na5 13. Rd1 Qf6 14. Bb2 Rad8 15. Bd3 Nd6 16. Qe2 e5 17. Nd2 e4 18. Bb1 Ba6 19. Ba2 Rde8 20. Rac1 Re5 21. Ba1 g5 22. f4 exf3 23. gxf3 Rfe8 24. e4 fxe4 25. fxe4 Nxe4 26. Rf1 Ng3 27. hxg3 Rxe2 28. Rxf6 Rxd2 29. Bb1 Bxc4 30. Rf5 Nb3 31. Rxg5+ Kh8 0-1